El pensamiento jurídico del arzobispo Lago (Registro nro. 189508)

Detalles MARC
000 -LEADER
campo de control de longitud fija 00926nam a2200205 i 4500
001 - NÚMERO DE CONTROL
campo de control 189508
003 - IDENTIFICADOR DE NÚMERO DE CONTROL
campo de control SpMaBN
005 - FECHA Y HORA DE LA ÚLTIMA TRANSACCIÓN
campo de control 20250814220329.0
008 - DATOS DE LONGITUD FIJA--INFORMACIÓN GENERAL
campo de control de longitud fija 190606s1979 sp |||| |dspa d
080 ## - NÚMERO DE LA CLASIFICACIÓN DECIMAL UNIVERSAL
Número de la Clasificación Decimal Universal 929:34 Lago Gonzalez, Manuel
100 1# - ENTRADA PRINCIPAL--NOMBRE DE PERSONA
Nombre de persona Cela Diz, Manuel.
9 (RLIN) 167283
245 13 - MENCIÓN DEL TÍTULO
Título El pensamiento jurídico del arzobispo Lago
Resto del título : discurso /
Mención de responsabilidad, etc. pronunciado el día 28 de abril de 1979, en la solemne sesión celebrada en el Seminario Conciliar de Tuy (Pontevedra) por el académico de honor... Don Manuel Cela Diz y contestación... Don Rafael Areses Pérez.
260 ## - PUBLICACIÓN, DISTRIBUCIÓN, ETC.
Lugar de publicación, distribución, etc. La Coruña :
Nombre del editor, distribuidor, etc. Academia Gallega de Jurisprudencia y Legislación,
Fecha de publicación, distribución, etc. 1979.
300 ## - DESCRIPCIÓN FÍSICA
Extensión 28 p. ;
Dimensiones 27 cm.
600 17 - PUNTO DE ACCESO ADICIONAL DE MATERIA--NOMBRE DE PERSONA
Nombre de persona Lago González, Manuel,
Fechas asociadas al nombre 1865-1925
Fuente del encabezamiento o término
9 (RLIN) 167284
700 1# - ENTRADA AGREGADA--NOMBRE PERSONAL
Nombre de persona Areses Pérez, Rafael.
9 (RLIN) 167285
710 2# - ENTRADA AGREGADA--NOMBRE DE ENTIDAD CORPORATIVA
Nombre de entidad corporativa o nombre de jurisdicción como elemento de entrada Academia Gallega de Jurisprudencia y Legislación.
9 (RLIN) 1197
852 ## - LOCALIZACIÓN
Ubicación ES-MaACL
Número de control de estantería 2341-F-11
Existencias
Estatus retirado Estado de pérdida Estado de daño No para préstamo Colección Biblioteca de origen Biblioteca actual Ubicación en estantería Fecha de adquisición Fuente de adquisición Total de préstamos Signatura topográfica completa Código de barras Visto por última vez Precio de reemplazo Tipo de ítem Koha
        Colección de folletos Biblioteca del Ateneo de Madrid Biblioteca del Ateneo de Madrid Depósito folletos 06/06/2019     2341-F-11 1200800 23/02/2023 23/02/2023 Folleto